000 00980nas a2200301 4500
001 BR8000759
003 BR-BrBNA
005 20231205084127.0
007 ta
008 230509b bl.|||p| |||| 00| 00por d
040 _aBR-BrBNA
_bpor
_cBiblioteca Nacional de Agricultura
041 _a(Pt)
072 _aF25
100 1 _aSouza, D.M.G. de
100 1 _aRitchey, K.D.
100 1 _aLobato, E.
100 1 _aGoedert, W.J.
111 1 _a16. Congresso Brasileiro de Ciencia do Solo
_cSao Luis, MA (Brazil)
_d11 Jul 1977
245 1 _aPotassio em solo de cerrado, 2: Balanco no solo [Brasil]
246 1 _aPotassium in a cerrado soil, 2: Equilibrium in the soil [Brazil]
650 _aFertilizante
650 _aFertilizante potassico
650 _aSolo
650 _aCerrado
773 0 _tRevista Brasileira de Ciencia do Solo (Brazil)
_xISSN 0100-0683
_g(Jan 1979), v. 3(1) p. 33-36
_wBR8000759
909 _a202311
_bLúcia
_c55
_dLúcia Elande
942 _2AGRIS
_n0
_cANA
999 _c103299
_d103299